Statystyki dla 15 największych miast strefy czasowej UTC+02:00

Kliknij tutaj aby rozwiązać quiz!

Ogólne statystyki

  • Ten quiz został rozwiązany 17 razy
    (8 od ostatniego zresetowania)
  • Średni wynik to 5 z 15

Statystyki odpowiedzi

Liczba ludnośćiMiasto% Poprawnych
7 740 018Kair
86%
2 967 360Kijów
86%
1 883 425Bukareszt
57%
4 434 827Johannesburg
57%
2 921 488Pretoria
43%
1 242 568Sofia
43%
3 442 361Durban
29%
3 442 361Kapsztad
29%
4 084 672Aleksandria
14%
1 251 739Bejrut
14%
1 443 207Charków
14%
2 891 275Giza
14%
1 468 767Harare
14%
1 747 152Lusaka
14%
2 220 000Trypolis
0%

Rozkład punktacji

Percentyl według liczby udzielonych odpowiedzi

Procent ludzi z każdym wynikiem

Twoja historia wyników

Nie rozwiązałeś tego quizu od ostatniego zresetowania